Vývoj monetárnej politiky v SR pred a po vstupe do Eurozóny bakalárska práca

Salvato in:
Dettagli Bibliografici
Autore principale: Meľniková, Anna
Ente Autore: Fakulta hospodárskej informatiky EU. Katedra operačného výskumu a ekonometrie
Altri autori: Kupkovič, Patrik
Natura: Libro
Lingua:slovacco
Pubblicazione: Bratislava 2016
Tags: Aggiungi Tag
Nessun Tag, puoi essere il primo ad aggiungerne!!

MARC

LEADER 00000nbm a2200000 4500
001 0219151
005 20170215100224.8
041 0 |a slo 
044 |a SK 
245 1 0 |a Vývoj monetárnej politiky v SR pred a po vstupe do Eurozóny  |b bakalárska práca  |c Anna Meľniková ; školiteľ: Patrik Kupkovič 
264 1 |a Bratislava  |c 2016 
300 |a 46 s. 
100 1 |a Meľniková, Anna 
700 1 |a Kupkovič, Patrik 
710 2 |a Fakulta hospodárskej informatiky EU. Katedra operačného výskumu a ekonometrie